=LDR 00000nam 2200000 4500 =001 INLIS000000000017776 =005 20221103124740 =035 ##$$a 0010-061300000017776 =008 221103################g##########0#ind## =041 ##$$a Ind =082 ##$$a 547.28 =090 ##$$a 547.28, Ste k =100 ##$$a Stevens, MP =245 1#$$a Kimia polimer, MP Stevens ; diindonesiakan oleh Iis Sopyan /$c M.P. Steven =260 ##$$a Jakarta :$b Pradnya paramita,$c 2001 =300 ##$$a xxi, 669 hlm, 23 cm =650 #4$$a Polimer dan Polimesarisasi =850 ##$$a NBPNMAT =020 ##$$a 9794084506 =084 ##$$a 547.28 STE k =990 ##$$a 0001/BPAP-NTB/20142014 =990 ##$$a 08170817 =990 ##$$a 1036304 =990 ##$$a 0001/BPAP-NTB/20142014